| Поле | Инд. | ПП | Название | Значение |
|---|---|---|---|---|
| Тип записи | a | |||
| Библиографический уровень | m | |||
| 001 | Контрольный номер | DU/571141262 | ||
| 005 | Дата корректировки | 20260504082113.8 | ||
| 020 | a | ISBN | 978-5-98704-618-0 | |
| 040 | b | Код языка каталог. | rus | |
| 041 | 0_ | a | Код языка текста | rus |
| 084 | a | Индекс другой классификации/Индекс ББК | 87.4я73 | |
| 090 | a | Полочн. индекс | НЕТ В ФОНДЕ | |
| 100 | 1_ | a | Автор | Светлов В. А. |
| q | Полное имя | Светлов Виктор Александрович | ||
| 245 | 10 | a | Заглавие | Логика |
| b | Продолж. заглавия | учебное пособие | ||
| 260 | a | Место издания | Москва | |
| b | Издательство | Логос | ||
| c | Дата издания | 2020 | ||
| 300 | a | Объем | 432 с. | |
| 336 | a | Термин вида содержания | Текст | |
| 337 | a | Термин типа средства | электронный | |
| 440 | _0 | a | Серия | Новая университетская библиотека |
| 650 | 04 | a | Основная рубрика | логика |
| a | Основная рубрика | философские науки | ||
| 653 | 0_ | a | Ключевые слова | абдукция |
| a | Ключевые слова | аргументация | ||
| a | Ключевые слова | дедуктивная логика | ||
| a | Ключевые слова | индукция | ||
| a | Ключевые слова | логика высказываний | ||
| a | Ключевые слова | логика предикатов | ||
| a | Ключевые слова | мифы | ||
| a | Ключевые слова | понятие | ||
| a | Ключевые слова | сказки | ||
| a | Ключевые слова | суждение | ||
| 655 | a | Жанр/ форма (устаревшее) | учебное пособие | |
| 900 | x | Справочная информация | Полный текст | |
| 901 | t | Тип документа | 0 | |
| 952 | a | Тип литературы для КСУ ВШ | УИ |